01645nam a2200397 a 4500001001200000003000800012006001900020007001500039008004100054010001700095015001900112016001800131016001900149020004200168020003900210040002100249035002100270043001200291050002200303082001800325100002800343245015200371260003800523300003300561490008400594504005100678533015200729650003000881650004200911650004200953651004300995655002901038710001701067830003701084856012601121ebr10419816CaPaEBRm u cr cn|||||||||091118s2010 ne ab sb 001 0 eng  z 2009049047 aGBB0379462bnb7 z0155062532Uk7 z213723022bccb z9789004182721 (hardback : alk. paper) z9004182721 (hardback : alk. paper) aCaPaEBRcCaPaEBR a(OCoLC)667271568 aaw-----14aD183b.B64 2010eb04a956.9/0142221 aBoas, Adrian J.,d1952-10aDomestic settingsh[electronic resource] :bsources on domestic architecture and day-to-day activities in the Crusader states /cby Adrian J. Boas. aLeiden ;aBoston :bBrill,c2010. axxvii, 393 p. :bill., maps.1 aThe medieval Mediterranean : peoples, economies and cultures, 400-1500 ;vv. 84 aIncludes bibliographical references and index. aElectronic reproduction.bPalo Alto, Calif. :cebrary,d2013.nAvailable via World Wide Web.nAccess may be limited to ebrary affiliated libraries. 0aHouseholdszLatin Orient. 0aArchitecture, DomesticzLatin Orient. 0aArchitecture, MedievalzLatin Orient. 0aLatin OrientxSocial life and customs. 7aElectronic books.2local2 aebrary, Inc. 0aMedieval Mediterranean ;vv. 84.40uhttp://site.ebrary.com/lib/rucke/Doc?id=10419816zAn electronic book accessible through the World Wide Web; click to view